000 00938cam a2200277 i 4500
005 20251108173255.0
008 250721s2004 ua gr 000 0 ara d
020 _a9773580571
041 1 _aara
_hfre
082 1 4 _a150
_bد ا ك
100 1 _aداكو، بيير
_eمؤلف.
240 1 0 _ales prodigiuses victoires de la psychologie.
245 1 2 _aالانتصارات المدهشة لعلم النفس /
_cتأليف بيير داكو.
250 _aالطبعة الأولى.
264 1 _aالقاهرة :
_bدار الفجر للنشر والتوزيع،
_c2004.
300 _a477 صفحة.
650 1 7 _aعلم النفس.
650 1 7 _aالخجل.
650 1 7 _aالتوازن.
650 1 7 _aالقلق.
650 1 7 _aالوقار.
700 1 _aالشريف، بوجابي محمد
_eمترجم.
700 1 _aشلبي، محمد
_eمراجع.
942 _2ddc
_cBK
999 _c100110
_d100110